000 00685nam a22001937a 4500
005 20180820120250.0
010 _aB-168547
020 _a9780275982447
_c700.00
035 _aB-168547, B-168549
037 _adpl
_bPrager Publication
082 _a155.33
245 _aPrager guide to the psychology of gender/
_cedited by Michele A. Paludi
260 _aWestport
_bPrager Publication
_c2004
270 _a88 Post Road West, Westport
_bWestport
_eCT 06881
300 _axxxi, 313p.
_c23cm(Pb)
700 _aPaludi, Michele A.
942 _2ddc
_cEN
_h155.33
_mPRA
999 _c153088
_d153088